Statistics for Most expensive football transfers - Dutch players

Click here to take the quiz!

General Stats

  • This quiz has been taken 43 times
  • The average score is 9 of 10

Answer Stats

Fee (M €)SeasonLeftJoinedPlayer% Correct
86,002019-2020AjaxBarcelonaFrenkie de Jong
98%
85,502019-2020AjaxJuventusMatthijs de Ligt
95%
67,002022-2023JuventusBayern MunichMatthijs de Ligt
95%
40,002023-2024VfL WolfsburgTottenhamMicky van de Ven
95%
84,652017-2018SouthamptonLiverpoolVirgil van Dijk
95%
45,302020-2021BournemouthManchester CityNathan Aké
88%
42,002022-2023PSV EindhovenLiverpoolCody Gakpo
76%
39,002020-2021AjaxManchester UnitedDonny van de Beek
74%
40,002023-2024Bayern MunichLiverpoolRyan Gravenberch
71%
40,002023-2024AjaxArsenalJurrien Timber
64%

Score Distribution

Percentile by Number Answered

Percent of People with Each Score

Your Score History

You have not taken this quiz